| 000 | 01364cam a2200397 i 4500 | ||
|---|---|---|---|
| 001 | 0000661 | ||
| 003 | DO-SdBPM | ||
| 005 | 20250909101325.0 | ||
| 007 | ta | ||
| 008 | 100514s2003 mx | 000 f spa | ||
| 015 | _a | ||
| 017 |
_a _b |
||
| 020 | _a9681914333 | ||
| 035 | _a | ||
| 040 |
_aDO-SdBPM _bspa _cBPMSU _erda |
||
| 080 | _a | ||
| 082 | 4 |
_a616.079 _bM141f 2004 _222 |
|
| 100 | 1 |
_aMacEoin, Beth _eautor |
|
| 245 | 1 | 0 |
_aFortalece tu sistema inmune : _bmétodos naturales para combatir las infecciones y fortalecer tu salud / _cBeth MacEoin ; traducción Rubén Heredia Vásquez. |
| 246 | 1 | 4 |
_aFortalece tu sistema inmune : _butiliza el poder de la naturaleza para combatir las infecciones y vigorizar tu salud |
| 264 |
_aMéxico : _bAlamah Naturismo, _c2003. |
||
| 300 |
_a159 páginas ; _c22 cm |
||
| 336 |
_atexto _btxt _2rdacontent |
||
| 337 |
_asin mediación _bn _2rdamedia |
||
| 338 |
_avolumen _bnc _2rdacarrier |
||
| 490 | 0 | _aNaturismo | |
| 500 | _aIncluye índice analítico. | ||
| 534 |
_pTítulo original : _tNatural power: boos your immune system |
||
| 590 | _aInventariado, 2025/VM | ||
| 650 | 7 | _aInmunología. | |
| 650 | 7 | _aSistema inmune. | |
| 650 | 7 |
_aInfecciones _xMedicamentos naturales. |
|
| 700 | 1 |
_aHeredia Vásquez, Rubén, _etraductor |
|
| 910 | _aVMateo V. Control de calidad. BPMSU | ||
| 942 |
_2ddc _cBK |
||
| 999 |
_c11333 _d11333 |
||